| 000 | 00887nam a2200277Ia 4500 | ||
|---|---|---|---|
| 003 | GCL | ||
| 008 | 140319s9999 xx 000 0 ara d | ||
| 040 |
_aGCL / _cGCL |
||
| 082 | 0 | 4 |
_a910.9 _bا ف |
| 100 | 1 | _aالسيد حسين جلال | |
| 245 | 1 | 0 |
_aفضل المسلمين فى كشف الطريق البحرى الى الهند 1498-1415 / _cالسيد حسين جلال |
| 300 | _a163 ص | ||
| 490 |
_aالمكتبة الثقافية _v0 |
||
| 650 | 0 | 4 | _aالطرق |
| 650 | 0 | 4 | _aالعرب والبحار |
| 650 | 0 | 4 | _aالهند |
| 650 | 0 | 4 | _aالعرب والكشوف الجغرافية |
| 650 | 0 | 4 | _aالمستكشفون |
| 650 | 0 | 4 | _aابن ماجد |
| 650 | 0 | 4 | _aالاسطرلاب |
| 650 | 0 | 4 | _aفاسكو داجاما |
| 650 | 0 | 4 | _aالكشوف الجغرافية |
| 650 | 0 | 4 | _aالملاحة - خرائط |
| 650 | 0 | 4 | _aالبوصلة |
| 942 |
_2ddc _cBK |
||
| 999 |
_c38830 _d38830 |
||